[Event "Tourn. n8022"]
[Site "www.chess-mail.com"]
[Date "2015.02.01"]
[Round "1"]
[White "Nimzo2"]
[Black "4knights"]
[WhiteElo "1499"]
[BlackElo "1499"]
[Result "1-0"]
[Round "1"]
1.d4 Ng8f6
2.Ng1f3 e6
3.e3 c5
4.Bf1d3 d5
5.c3 Nb8d7
6.Nb1d2 Bf8d6
7.O-O O-O
8.e4 cxd4
9.cxd4 dxe4
10.Nd2xe4 Nf6xe4
11.Bd3xe4 Nd7f6
12.Be4b1 Bc8d7
13.Qd1d3 Bd7c6
14.Bc1g5 g6
15.Nf3e5 Bd6xe5
16.dxe5 Qd8xd3
17.Bb1xd3 Nf6d7
18.Bg5e7 Rf8e8
19.Be7d6 Ra8c8
20.Rf1d1 f6
21.f4 g5
22.exf6 Nd7xf6
23.f5 e5
24.Bd3c4 Kg7
25.Bc4e6 Re8xe6
26.fxe6 Bc6d5
27.Bd6xe5 Bd5xe6
28.Rd1d6 Kf7
29.Ra1f1 { resign }
1-0

[Event "Tourn. n8048"]
[Site "www.chess-mail.com"]
[Date "2015.02.01"]
[Round "1"]
[White "Amaya"]
[Black "Fabos12"]
[WhiteElo "1870"]
[BlackElo "1870"]
[Result "0-1"]
[Round "1"]
1.d4 g6
2.e3 d6
3.Bf1d3 e5
4.c3 Nb8c6
5.Nb1d2 Qd8g5
6.g3 f5
7.Ng1f3 Qg5h6
8.Nd2c4 e4
9.Bd3e2 exf3
10.Be2xf3 Ng8f6
11.e4 Qh6h3
12.exf5 Bc8xf5
13.Bc1g5 Bf8g7
14.Qd1e2 Kd7
15.O-O-O Rh8e8
16.Qe2d2 Nf6e4
17.Qd2f4 Ne4xf2
18.Rd1e1 Nf2d3
{ resign }
0-1

[Event "Tourn. n8024"]
[Site "www.chess-mail.com"]
[Date "2015.02.01"]
[Round "1"]
[White "Jose"]
[Black "Tenzinnima"]
[WhiteElo "2680"]
[BlackElo "2290"]
[Result "1-0"]
[Round "1"]
1.d4 Ng8f6
2.c4 g6
3.Nb1c3 d5
4.cxd5 Nf6xd5
5.e4 Nd5xc3
6.bxc3 Bf8g7
7.Bc1g5 O-O
8.Ra1c1 Rf8e8
9.Ng1f3 c6
10.Bf1d3 Qd8a5
11.O-O e5
12.Nf3xe5 Bg7xe5
13.dxe5 Qa5xe5
14.f4 Qe5c5
15.Kh1 Nb8d7
16.Bd3c2 Nd7f8
17.f5 Nf8e6
18.fxe6 Bc8xe6
19.Qd1d2 Be6xa2
20.Bg5e3 Qc5e5
21.Bc2d3 Ba2e6
22.Be3d4 Qe5h5
23.Bd3e2 Qh5h4
24.Bd4f6 Ra8d8
25.Qd2xd8 { resign }
1-0

[Event "Tourn. n7949"]
[Site "www.chess-mail.com"]
[Date "2015.02.01"]
[Round "1"]
[White "Echo314"]
[Black "Neverless"]
[WhiteElo "2630"]
[BlackElo "2650"]
[Result "1/2-1/2"]
[Round "1"]
1.d4 Ng8f6
2.c4 e6
3.Nb1c3 Bf8b4
4.e3 O-O
5.Ng1e2 d5
6.a3 Bb4e7
7.cxd5 exd5
8.b4 c6
9.Ne2g3 Rf8e8
10.Bf1d3 Nb8d7
11.O-O Nd7b6
12.Qd1c2 a5
13.b5 c5
14.dxc5 Be7xc5
15.Bc1b2 Bc5d6
16.Nc3e2 Bc8d7
17.Rf1c1 Ra8c8
18.Qc2d2 Rc8xc1
19.Ra1xc1 Nb6a4
20.Bb2xf6 Qd8xf6
21.Qd2xa5 Na4b2
22.Qa5d2 Bd6xa3
23.Rc1c7 { draw }
1/2-1/2

[Event "Tourn. n7929"]
[Site "www.chess-mail.com"]
[Date "2015.02.01"]
[Round "1"]
[White "Rons"]
[Black "Neverless"]
[WhiteElo "2540"]
[BlackElo "2650"]
[Result "1/2-1/2"]
[Round "1"]
1.e4 c5
2.Ng1f3 d6
3.d4 cxd4
4.Nf3xd4 Ng8f6
5.Nb1c3 a6
6.Bc1e3 e5
7.Nd4b3 Bc8e6
8.f3 Bf8e7
9.Qd1d2 O-O
10.O-O-O Nb8d7
11.g4 b5
12.g5 b4
13.Nc3e2 Nf6e8
14.f4 a5
15.f5 a4
16.Nb3d4 exd4
17.Ne2xd4 b3
18.Kb1 bxc2
19.Nd4xc2 Be6b3
20.axb3 axb3
21.Nc2a3 Nd7e5
22.h4 Qd8b8
23.Qd2d4 Ne8c7
24.Rh1h3 Rf8c8
25.Be3f4 Qb8b7
26.Rh3c3 Nc7a6
27.Rd1c1 Rc8xc3
28.Rc1xc3 Ra8d8
29.Qd4d5 Qb7xd5
30.exd5 Na6c5
31.Na3c4 f6
32.gxf6 Be7xf6
33.Nc4xd6 Ne5d7
34.Bf4g5 Bf6xc3
35.Bg5xd8 Bc3f6
36.Bd8xf6 Nd7xf6
37.Bf1e2 Kf8
38.Be2f3 Ke7
{ draw }
1/2-1/2

[Event "Match"]
[Site "www.echecsemail.com"]
[Date "2015.02.01"]
[Round "1"]
[White "Fangshuo"]
[Black "Gmi42"]
[WhiteElo "2140"]
[BlackElo "1809"]
[Result "1/2-1/2"]
[Round "1"]
1.e4 c6
2.d4 d5
3.exd5 cxd5
4.Ng1f3 Nb8c6
5.Bf1b5 a6
6.Bb5a4 b5
7.Ba4b3 Bc8g4
8.Bc1e3 e6
9.a4 Ng8f6
10.axb5 axb5
11.Ra1xa8 Qd8xa8
12.Nb1c3 Nf6e4
13.Nc3xb5 Qa8a5
14.Nb5c3 Bf8b4
15.O-O Ne4xc3
16.bxc3 Bb4xc3
17.h3 Bg4xf3
18.Qd1xf3 Bc3xd4
19.Be3xd4 Nc6xd4
20.Qf3g4 Nd4f5
21.Bb3a4 Kf8
22.Rf1b1 g6
23.Qg4f4 d4
24.Ba4b5 h5
25.Bb5d3 Qa5d5
26.Rb1b8 Kg7
27.Rb8b5 Qd5d6
28.Qf4xd6 Nf5xd6
29.Rb5a5 Rh8e8
30.f4 f6
31.g4 hxg4
32.hxg4 e5
33.Ra5d5 Nd6f7
34.f5 g5
35.Kf2 Re8d8
36.Rd5c5 Rd8d7
{ draw }
1/2-1/2

[Event "Match"]
[Site "www.echecsemail.com"]
[Date "2015.02.01"]
[Round "1"]
[White "Georgepapi"]
[Black "Wagner"]
[WhiteElo "1860"]
[BlackElo "1690"]
[Result "1-0"]
[Round "1"]
1.e4 e5
2.Ng1f3 d6
3.d4 Bc8g4
4.dxe5 a6
5.exd6 cxd6
6.Nb1c3 Ng8f6
7.Bf1e2 h6
8.h3 Bg4e6
9.O-O Nb8c6
10.Bc1f4 g5
11.Bf4g3 b5
12.Qd1d2 Nc6a5
13.Rf1d1 Na5c4
14.Be2xc4 Be6xc4
15.e5 b4
16.Nc3e2 Nf6d5
17.b3 Bc4xe2
18.Qd2xe2 Qd8e7
19.Rd1xd5 O-O-O
20.Qe2xa6 Qe7b7
21.Qa6xb7 Kxb7
22.exd6 Bf8g7
23.Bg3e5 f6
24.Be5b2 Kc6
25.Ra1d1 Rh8e8
26.a3 Bg7f8
27.axb4 Bf8xd6
28.b5 Kc7
29.Kf1 Re8e6
30.Bb2a3 Bd6xa3
31.Rd5xd8 Ba3e7
32.Rd8d7 Kc8
33.b6 Re6xb6
34.Rd7xe7 Rb6b7
35.Re7xb7 Kxb7
36.Rd1d6 f5
37.Rd6xh6 g4
38.hxg4 fxg4
39.Nf3e5 g3
40.fxg3 Kc7
41.b4 Kb7
42.g4 Kc8
43.Rh6h7 Kd8
44.b5 Kc8
45.b6 { resign }
1-0

[Event "Match"]
[Site "www.echecsemail.com"]
[Date "2015.02.01"]
[Round "1"]
[White "Arnpriorite"]
[Black "Silent1"]
[WhiteElo "2130"]
[BlackElo "1880"]
[Result "1-0"]
[Round "1"]
1.e4 e5
2.f4 d6
3.Ng1f3 Ng8f6
4.Nb1c3 Nb8c6
5.Bf1c4 Bf8e7
6.d3 O-O
7.f5 a6
8.O-O b5
9.Bc4d5 Nf6xd5
10.Nc3xd5 Bc8b7
11.Bc1d2 f6
12.Nf3h4 Nc6d4
13.Nd5xe7 Qd8xe7
14.c3 Nd4c6
15.Qd1g4 Nc6d8
16.Rf1f3 d5
17.Rf3h3 Nd8f7
18.Ra1f1 Qe7c5
19.Kh1 Nf7g5
20.Bd2xg5 fxg5
21.Qg4xg5 dxe4
22.dxe4 Qc5c4
23.Rh3f3 Bb7xe4
24.Rf3f2 Rf8f6
25.Kg1 Ra8f8
26.a3 Qc4d3
27.g4 Qd3c4
28.Rf1e1 Rf6h6
29.Rf2e2 Qc4c5
30.Re2e3 Rh6xh4
31.Qg5xh4 Be4c6
32.Qh4f2 Qc5d5
33.Kf1 Qd5c4
34.Qf2e2 Qc4f4
35.Kg1 Rf8e8
36.Re1f1 Qf4g5
37.h3 Bc6d5
38.Re3xe5 Re8xe5
39.Qe2xe5 c6
40.Qe5e8 
1-0

[Event "Match"]
[Site "www.echecsemail.com"]
[Date "2015.02.01"]
[Round "1"]
[White "Hrob71"]
[Black "Derik"]
[WhiteElo "1499"]
[BlackElo "1490"]
[Result "1-0"]
[Round "1"]
1.e4 e6
2.d4 d5
3.Nb1c3 c5
4.exd5 exd5
5.dxc5 Bf8xc5
6.Qd1xd5 Qd8e7
7.Qd5e4 Ng8f6
8.Qe4xe7  { time }
1-0

[Event "Match"]
[Site "www.echecsemail.com"]
[Date "2015.02.01"]
[Round "1"]
[White "Apdash"]
[Black "Geodad5"]
[WhiteElo "2160"]
[BlackElo "2110"]
[Result "0-1"]
[Round "1"]
1.d4 d5
2.Ng1f3 Ng8f6
3.e3 Nb8c6
4.c4 Bc8g4
5.cxd5 Nf6xd5
6.Bf1e2 e6
7.Nb1c3 Bf8e7
8.O-O O-O
9.Bc1d2 a6
10.e4 Nd5f6
11.h3 Bg4xf3
 { time }
0-1

[Event "Match"]
[Site "www.echecsemail.com"]
[Date "2015.02.01"]
[Round "1"]
[White "Gorgo"]
[Black "Wagner"]
[WhiteElo "1599"]
[BlackElo "1650"]
[Result "1-0"]
[Round "1"]
1.d4 d5
2.c4 e6
3.Nb1c3 Bf8b4
4.e3 c6
5.Bf1d3 Nb8a6
6.Ng1f3 f6
7.cxd5 exd5
8.a3 Bb4d6
9.e4 Qd8e7
10.O-O g5
11.Rf1e1 g4
12.exd5 Bd6e5
13.Nf3xe5 Kf8
14.Ne5xg4 Bc8xg4
15.Re1xe7 Bg4xd1
16.Re7xb7 Bd1g4
17.Bd3xa6 Ng8e7
18.Bc1h6 Kf7
19.Ra1e1 Kg6
20.Re1xe7 Kxh6
21.Ba6d3 f5
22.Re7e6 Kh5
23.Nc3e2 Kg5
24.Rb7g7 Kh4
25.g3 Kh5
26.Ne2f4 { resign }
1-0

[Event "Match"]
[Site "www.echecsemail.com"]
[Date "2015.02.01"]
[Round "1"]
[White "Generalfree"]
[Black "Jasmartin"]
[WhiteElo "1670"]
[BlackElo "1790"]
[Result "1-0"]
[Round "1"]
1.e4 g6
2.Ng1f3 Bf8g7
3.d4 d6
4.h3 Ng8f6
5.Bf1d3 Nb8d7
6.Bc1e3 e6
7.g4 h5
8.g5 Nf6h7
9.b4 a6
10.a4 Nd7f8
11.c4 f6
12.h4 f5
13.e5 Bc8d7
14.Nb1c3 Bd7c6
15.d5 Bc6d7
16.Be3d4 Rh8g8
17.exd6 cxd6
18.dxe6 Nf8xe6
19.Qd1e2 Qd8c7
20.Nc3d5 Qc7c6
21.Bd4xg7 Rg8xg7
22.O-O O-O-O
23.Rf1c1 Rd8e8
24.b5 Ne6f4
25.Qe2xe8 Bd7xe8
26.bxc6 Be8xc6
27.Bd3f1 Nf4e6
28.Rc1e1 Nh7f8
29.Bf1g2 Ne6c5
30.Nd5e7 Kd7
31.Ne7xc6 bxc6
32.Nf3d4 Nc5d3
33.Bg2xc6 Kc7
34.Re1e3 Nd3e5
35.Bc6g2 Rg7e7
36.Ra1b1 Kc8
37.Rb1b6 Ne5xc4
38.Re3xe7 { resign }
1-0

[Event "Match"]
[Site "www.echecsemail.com"]
[Date "2015.02.01"]
[Round "1"]
[White "Whitekknight"]
[Black "Gmi42"]
[WhiteElo "1890"]
[BlackElo "1809"]
[Result "0-1"]
[Round "1"]
1.e4 c6
2.d4 d5
3.e5 Bc8f5
4.Bf1d3 Bf5xd3
5.Qd1xd3 e6
6.Ng1f3 Nb8d7
7.Nb1c3 c5
8.Bc1e3 c4
9.Qd3d2 Ng8e7
10.Be3g5 Qd8b6
11.Ra1b1 h6
12.Bg5xe7 Bf8xe7
13.O-O Qb6a5
14.a3 O-O
15.Qd2e1 Rf8c8
16.Rb1a1 Rc8c6
17.Qe1e3 Ra8c8
18.Nf3d2 a6
19.Rf1b1 b5
20.h3 Qa5b6
21.Nd2f3 b4
22.axb4 Be7xb4
23.Kh2 Qb6a7
24.Nc3b5 Qa7b8
25.Nb5c3 Bb4xc3
26.Qe3xc3 Rc6b6
27.Nf3d2 Qb8b7
28.Ra1a2 Rc8b8
29.b3 cxb3
30.cxb3 Nd7f8
31.Ra2b2 Nf8g6
32.g3 Ng6e7
33.g4 Ne7c6
34.f4 Nc6b4
35.Rb1a1 Rb8c8
36.Qc3f3 Rb6c6
37.Qf3f2 Nb4d3
{ resign }
0-1

[Event "Eq:MondoScacchi-Angels of Checkmate : "]
[Site "www.chess-mail.com"]
[Date "2015.02.01"]
[Round "1"]
[White "Sorim"]
[Black "Sonivano"]
[WhiteElo "1970"]
[BlackElo "2440"]
[Result "0-1"]
[Round "1"]
1.d4 Ng8f6
2.c4 e6
3.Nb1c3 Bf8b4
4.Qd1c2 d5
5.e3 O-O
6.Ng1f3 Nf6e4
7.Bf1d3 f5
8.Nf3e5 Nb8d7
9.O-O Nd7xe5
10.dxe5 c6
11.a3 Bb4xc3
12.bxc3 Qd8a5
13.Bc1b2 Bc8d7
14.cxd5 cxd5
15.Rf1c1 Ra8c8
16.Qc2b3 Ne4c5
17.Qb3d1 Bd7a4
18.Bd3c2 Rc8c6
19.h3 Rf8c8
20.Ra1b1 Ba4xc2
21.Rc1xc2 Nc5a4
22.Qd1d4 Rc6c4
23.Qd4d3 Na4xb2
24.Rb1xb2 b6
25.f4 Rc4xc3
26.Rc2xc3 Rc8xc3
27.Qd3e2 Rc3xa3
28.g4 Qa5c5
29.Kf2 fxg4
30.hxg4 Qc5c4
31.Qe2d2 Ra3d3
32.Qd2e2 Rd3b3
33.Rb2c2 Rb3c3
34.Rc2a2 Qc4xe2
35.Ra2xe2 Kf7
36.Re2a2 Rc3c7
37.Ke2 g6
38.g5 Ke7
39.Kd3 Kd7
40.e4 dxe4
41.Kxe4 Kc6
42.Kd4 Kb7
43.Ra2a3 a5
44.Ra3a4 Ka6
45.Ra4a2 b5
46.f5 gxf5
47.Ra2h2 a4
48.Rh2h6 a3
49.Rh6xe6 Kb7
50.Re6h6 a2
51.Rh6h1 b4
52.e6 b3
53.Ke5 b2
54.Kxf5 b1Q
55.Rh1xb1 axb1Q
 { time }
0-1

[Event "Eq:Good team-Slap Shot Mates : "]
[Site "www.chess-mail.com"]
[Date "2015.02.01"]
[Round "1"]
[White "Tatar"]
[Black "Pikejohn"]
[WhiteElo "2650"]
[BlackElo "2550"]
[Result "1-0"]
[Round "1"]
1.Ng1f3 Ng8f6
2.g3 c5
3.Bf1g2 d5
4.O-O Nb8c6
5.d4 e6
6.c4 Bf8e7
7.dxc5 Be7xc5
8.a3 O-O
9.b4 Bc5e7
10.Nb1d2 b6
11.Bc1b2 Bc8b7
12.Ra1c1 Ra8c8
13.Qd1a4 Qd8d7
14.Rf1d1 Rf8d8
15.cxd5 exd5
16.e4 a5
17.exd5 Nf6xd5
18.bxa5 Nc6xa5
19.Qa4xd7 Rd8xd7
20.Rc1xc8 Bb7xc8
21.Nf3e5 Rd7d8
22.Nd2b3 Bc8b7
23.Nb3xa5 bxa5
{ time. }
1-0

[Event "Eq:BEAC Hungary-CONFOEDERATIONIS HELVETICAE : "]
[Site "www.chess-mail.com"]
[Date "2015.02.01"]
[Round "1"]
[White "Fkarpov"]
[Black "Bigrezi"]
[WhiteElo "2020"]
[BlackElo "1870"]
[Result "1-0"]
[Round "1"]
1.e4 d6
2.Nb1c3 Nb8c6
3.Bf1b5 Bc8d7
4.Ng1e2 e5
5.d4 Ng8f6
6.Bb5xc6 Bd7xc6
7.d5 Bc6d7
8.O-O Bf8e7
9.Ne2g3 O-O
10.Qd1f3 c6
11.dxc6 Bd7xc6
12.Ng3f5 Ra8c8
13.Rf1d1 Rf8e8
14.Bc1h6 Be7f8
15.Bh6xg7 Bf8xg7
16.Qf3g3 Nf6h5
17.Qg3g4 Re8e6
18.Qg4xh5 Re6g6
19.Rd1d3 Qd8f6
20.Rd3xd6 Qf6g5
21.Qh5xg5 Rg6xg5
22.Nf5e7 Kf8
23.Ne7xc8 a6
24.Nc3d5 f5
25.exf5 Rg5xf5
26.Rd6d8 Kf7
27.Nc8d6 { resign }
1-0

[Event "Eq:La Taverne-SIETE ESTRELLAS VERDES : "]
[Site "www.chess-mail.com"]
[Date "2015.02.01"]
[Round "1"]
[White "Xkafi"]
[Black "Pgcbies"]
[WhiteElo "1970"]
[BlackElo "2850"]
[Result "0-1"]
[Round "1"]
1.e4 e5
2.Bf1c4 Ng8f6
3.d3 Nb8c6
4.c3 Bf8c5
5.Bc1g5 h6
6.Bg5h4 Bc5e7
7.h3 Nc6a5
8.Qd1a4 c6
9.Ng1f3 b5
10.Bc4xf7 Kxf7
11.Nf3xe5 Ke6
12.Qa4d1 Kxe5
13.f4 Ke6
14.f5 Kf7
15.e5 Nf6d5
16.Qd1h5 Kf8
17.f6 gxf6
18.Rh1f1 Qd8e8
19.Qh5e2 Kg7
20.Nb1d2 fxe5
21.Qe2xe5 Be7f6
22.Bh4xf6 Nd5xf6
{ resign }
0-1

[Event "Tourn. n8006"]
[Site "www.chess-mail.com"]
[Date "2015.02.02"]
[Round "1"]
[White "Luban"]
[Black "Anja"]
[WhiteElo "2170"]
[BlackElo "2020"]
[Result "1-0"]
[Round "1"]
1.d4 f5
2.c4 Ng8f6
3.e3 g6
4.g3 Bf8g7
5.Bf1g2 d6
6.Ng1f3 O-O
7.Nb1c3 Qd8e8
8.O-O e5
9.d5 Nb8d7
10.b4 Nf6g4
11.Bc1b2 e4
12.Nf3d4 Nd7b6
13.Nc3b5 Qe8e7
14.Nb5a3 Ng4e5
15.Qd1b3 Ne5d3
16.Bb2c3 Bc8d7
17.Na3b5 Bd7xb5
18.Nd4xb5 a6
19.Bc3xg7 Qe7xg7
20.Nb5d4 Nb6d7
21.Nd4e6 { resign }
1-0

[Event "Tourn. n7958"]
[Site "www.chess-mail.com"]
[Date "2015.02.02"]
[Round "1"]
[White "Anja"]
[Black "Osopanda"]
[WhiteElo "2000"]
[BlackElo "2000"]
[Result "0-1"]
[Round "1"]
1.d4 Ng8f6
2.Bc1f4 d6
3.c4 c6
4.Nb1c3 Qd8c7
5.e4 e5
6.Bf4g5 Bf8e7
7.Ng1f3 O-O
8.Bf1e2 Bc8e6
9.d5 Be6d7
10.O-O Nb8a6
11.a3 Ra8d8
12.Ra1c1 Na6b8
13.b4 h6
14.Bg5xf6 Be7xf6
15.h3 g6
16.Qd1d2 Bf6g7
17.Nf3h2 f5
18.c5 Bd7c8
19.Be2c4 Kh7
20.cxd6 Rd8xd6
21.Qd2e2 cxd5
22.Bc4xd5 Nb8c6
23.Nc3b5 Qc7e7
24.Nb5xd6 Qe7xd6
25.Rf1d1 Nc6d4
26.Qe2d2 f4
27.Qd2d3 Bc8e6
28.Bd5xb7 f3
{ resign }
0-1

[Event "Tourn. n7959"]
[Site "www.chess-mail.com"]
[Date "2015.02.02"]
[Round "1"]
[White "Anja"]
[Black "Osopanda"]
[WhiteElo "2000"]
[BlackElo "2000"]
[Result "0-1"]
[Round "1"]
1.d4 Ng8f6
2.Bc1f4 d6
3.Ng1f3 g6
4.c4 Bf8g7
5.Nb1c3 O-O
6.e4 Nf6h5
7.Bf4g3 Nh5xg3
8.hxg3 Bc8g4
9.Bf1e2 Nb8c6
10.a3 e5
11.Qd1d2 h5
12.d5 Nc6e7
13.Nf3h2 Bg4xe2
14.Qd2xe2 f5
15.Nh2f3 fxe4
16.Nc3xe4 Ne7f5
17.g4 hxg4
18.Nf3g5 Qd8d7
19.Ng5e6 Rf8e8
20.Qe2xg4 Qd7f7
21.Qg4h3 Re8xe6
22.dxe6 Qf7xe6
23.Qh3h7 Kf8
24.Ra1c1 b6
25.O-O Ra8e8
26.Rf1e1 Re8e7
27.Qh7h3 Nf5d4
28.Qh3xe6 Re7xe6
{ resign }
0-1

[Event "Tourn. n7973"]
[Site "www.chess-mail.com"]
[Date "2015.02.02"]
[Round "1"]
[White "Libiesse"]
[Black "Anja"]
[WhiteElo "2030"]
[BlackElo "1990"]
[Result "1-0"]
[Round "1"]
1.d4 f5
2.b3 Ng8f6
3.g3 e6
4.Bf1g2 Bf8e7
5.Ng1h3 h6
6.Bc1b2 O-O
7.O-O Nb8c6
8.e3 Qd8e8
9.Nb1d2 d6
10.Qd1e2 g5
11.f4 g4
12.Nh3f2 Kg7
13.e4 Rf8h8
14.d5 exd5
15.exd5 { resign }
1-0

[Event "Tourn. n8029"]
[Site "www.chess-mail.com"]
[Date "2015.02.02"]
[Round "1"]
[White "Anja"]
[Black "Mrbabu"]
[WhiteElo "1950"]
[BlackElo "1980"]
[Result "0-1"]
[Round "1"]
1.d4 d5
2.Bc1f4 Bc8f5
3.Ng1f3 Ng8f6
4.e3 a6
5.c4 e6
6.Nb1c3 Nb8c6
7.Bf1d3 Bf5g4
8.h3 Bg4h5
9.O-O h6
{ resign }
0-1

[Event "Tourn. n7990"]
[Site "www.chess-mail.com"]
[Date "2015.02.02"]
[Round "1"]
[White "Anja"]
[Black "Julian"]
[WhiteElo "1970"]
[BlackElo "1900"]
[Result "0-1"]
[Round "1"]
1.d4 d5
2.Bc1f4 Ng8f6
3.e3 e6
4.c4 c6
5.Ng1f3 Bf8d6
6.Bf4xd6 Qd8xd6
7.Nb1c3 O-O
8.Bf1d3 dxc4
9.Bd3xc4 b5
10.Bc4d3 a6
11.O-O Nb8d7
12.Ra1c1 Bc8b7
13.Nc3e4 Nf6xe4
14.Bd3xe4 Rf8d8
15.Qd1c2 Ra8c8
16.Be4xh7 Kf8
17.Bh7d3 c5
18.Qc2e2 c4
19.Bd3b1 Nd7f6
20.e4 Qd6f4
{ resign }
0-1

[Event "Tourn. n7961"]
[Site "www.chess-mail.com"]
[Date "2015.02.02"]
[Round "1"]
[White "Anja"]
[Black "Julian"]
[WhiteElo "1990"]
[BlackElo "1940"]
[Result "0-1"]
[Round "1"]
1.d4 Ng8f6
2.Bc1f4 d6
3.c4 c6
4.Nb1c3 Qd8c7
5.e4 e5
6.dxe5 dxe5
7.Bf4g5 Bf8e7
8.Ng1f3 O-O
9.Bf1e2 Bc8e6
10.b3 Nb8d7
11.O-O Ra8d8
12.Qd1c2 h6
13.Bg5h4 Rf8e8
14.Bh4g3 Nf6h5
15.Ra1d1 Nh5xg3
16.hxg3 Nd7f6
17.Qc2b2 Be7c5
18.Nc3a4 Bc5f8
19.Qb2xe5 Bf8d6
20.Qe5b2 Nf6xe4
21.Be2d3 Ne4c5
22.Na4xc5 Bd6xc5
23.b4 Bc5e7
24.c5 Be7f6
25.Qb2c2 Kf8
26.Nf3h4 Bf6xh4
27.gxh4 Qc7f4
28.g3 Qf4f6
{ resign }
0-1

[Event "Tourn. n7974"]
[Site "www.chess-mail.com"]
[Date "2015.02.02"]
[Round "1"]
[White "Faerieking"]
[Black "Libiesse"]
[WhiteElo "2140"]
[BlackElo "2030"]
[Result "1-0"]
[Round "1"]
1.e4 c5
2.Ng1f3 e6
3.d4 cxd4
4.Nf3xd4 Nb8c6
5.Bc1e3 Qd8c7
6.Nd4b5 Qc7b8
7.c4 d6
8.Nb1c3 a6
9.Nb5a3 Ng8f6
10.f3 Bf8e7
11.Bf1e2 O-O
12.O-O Rf8d8
13.Be3b6 Rd8d7
14.Qd1b3 Be7d8
15.Bb6e3 Nc6a5
16.Qb3c2 Bd8c7
17.f4 Na5c6
18.Ra1d1  { time }
1-0

[Event "Tourn. n7903"]
[Site "www.chess-mail.com"]
[Date "2015.02.02"]
[Round "1"]
[White "Anja"]
[Black "Attatroll"]
[WhiteElo "1940"]
[BlackElo "2040"]
[Result "0-1"]
[Round "1"]
1.d4 c5
2.Ng1f3 cxd4
3.Nf3xd4 e5
4.Nd4f3 Nb8c6
5.e4 a6
6.Bf1c4 h6
7.Qd1d5 Qd8e7
8.Nb1c3 Qe7e6
9.Qd5xe6 dxe6
10.Bc1e3 Ng8f6
11.O-O Bf8b4
12.Bc4d3 O-O
13.Nc3e2 Nf6g4
14.c3 Ng4xe3
15.fxe3 Bb4c5
16.Kf2 Bc8d7
17.Rf1e1 Ra8d8
18.Ra1d1 f6
19.Ne2c1 f5
20.Kf1 f4
21.exf4 exf4
22.Bd3c4 Kh7
23.Nc1b3 Bc5a7
24.Nb3d4 Nc6xd4
25.cxd4 Rd8c8
26.Nf3e5 Rf8d8
27.Ne5xd7 Rc8xc4
28.Nd7e5 Rc4xd4
29.Rd1xd4 Ba7xd4
30.Re1d1 Bd4b6
31.Rd1xd8 Bb6xd8
32.Ke2 Bd8f6
33.Ne5d3 g5
34.b3 Kg7
35.Nd3c5 b6
36.Nc5xe6 Kf7
37.Ne6c7 a5
38.Nc7d5 Bf6d4
39.Kf3 h5
40.g3 fxg3
41.hxg3 Ke6
42.Nd5c7 Ke5
43.g4 h4
44.Nc7b5 h3
45.Kg3 Kxe4
46.Kxh3 Bd4e3
47.Kg3 Kd3
48.Kf3 Be3c5
49.Nb5c7 Kc2
50.Nc7e6 Bc5e7
51.Ke4 Kb2
52.Kd3 Kxa2
53.Kc2 b5
54.Ne6d4 a4
{ resign }
0-1

[Event "Tourn. n7951"]
[Site "www.chess-mail.com"]
[Date "2015.02.02"]
[Round "1"]
[White "Falcoale"]
[Black "Anja"]
[WhiteElo "1920"]
[BlackElo "1980"]
[Result "1-0"]
[Round "1"]
1.e4 Ng8f6
2.e5 Nf6d5
3.d4 d6
4.c4 Nd5b6
5.Ng1f3 Bc8g4
6.Bf1e2 Nb8c6
7.h3 Bg4xf3
8.Be2xf3 dxe5
9.Bf3xc6 bxc6
10.c5 Nb6c8
11.dxe5 Qd8xd1
12.Kxd1 e6
13.Bc1e3 Nc8e7
14.Ke2 Ne7f5
15.Nb1c3 Nf5xe3
16.Kxe3 Bf8xc5
17.Ke2 Ra8b8
18.b3 Bc5d4
19.Ra1c1 Bd4xe5
20.Nc3e4 Rb8b6
21.Ne4c5 Ke7
22.Rh1d1 Be5d6
23.Nc5e4 Rh8d8
24.f3 Bd6f4
25.Rd1xd8 Kxd8
26.Rc1d1 Ke7
27.Ne4c5 Rb6b5
28.Nc5d3 Bf4d6
29.g4 h5
30.Nd3f2 hxg4
31.hxg4 Rb5d5
32.Rd1c1 c5
33.Nf2d3 { resign }
1-0

[Event "Tourn. n8023"]
[Site "www.chess-mail.com"]
[Date "2015.02.02"]
[Round "1"]
[White "Maredocla"]
[Black "Anja"]
[WhiteElo "2030"]
[BlackElo "2010"]
[Result "1-0"]
[Round "1"]
1.f4 d5
2.Ng1f3 g6
3.e3 Bf8g7
4.d4 e6
5.b3 Ng8f6
6.Nb1d2 O-O
7.Bf1b5 c6
8.Bb5d3 Nb8d7
9.h3 b6
10.Bc1a3 c5
11.dxc5 Nd7xc5
12.Ra1c1 { resign }
1-0

[Event "Tourn. n8023"]
[Site "www.chess-mail.com"]
[Date "2015.02.02"]
[Round "1"]
[White "Anja"]
[Black "Amu92"]
[WhiteElo "2010"]
[BlackElo "2140"]
[Result "0-1"]
[Round "1"]
1.d4 Ng8f6
2.Bc1f4 g6
3.c4 Bf8g7
4.Nb1c3 d5
5.e3 O-O
6.Ng1f3 c5
7.Bf1d3 cxd4
8.Nf3xd4 Rf8e8
{ resign }
0-1

[Event "Tourn. n7720"]
[Site "www.chess-mail.com"]
[Date "2015.02.02"]
[Round "1"]
[White "Johnmcbride"]
[Black "Sorim"]
[WhiteElo "1830"]
[BlackElo "2030"]
[Result "1-0"]
[Round "1"]
1.e4 e5
2.d3 c6
3.a3 d5
4.exd5 cxd5
5.Bc1e3 d4
6.Be3d2 Ng8f6
7.h3 Bf8e7
8.Ng1f3 Nb8c6
9.b4 b5
10.c4 bxc4
11.dxc4 e4
12.Nf3h2 O-O
13.b5 Nc6e5
14.a4 a6
15.Nb1a3 axb5
16.Na3xb5 Be7c5
17.Bd2f4 Bc5b4
18.Bf4d2 Qd8a5
19.Nb5xd4 Ne5d3
20.Bf1xd3 exd3
21.O-O Bb4xd2
22.Nd4b3 Qa5b4
23.Nb3xd2 Bc8e6
24.Qd1f3 Qb4xd2
25.Rf1d1 Qd2b4
26.Qf3xd3 Be6xc4
27.Qd3d4 Ra8xa4
28.Ra1xa4 Qb4xa4
29.Nh2f3 Nf6e4
30.Rd1a1 Qa4c2
31.Nf3e1 Qc2e2
32.Ne1f3 Qe2d3
33.Ra1d1 Qd3c2
34.Nf3e5 Ne4c3
35.Rd1d2 Qc2c1
36.Kh2 Bc4e6
37.Qd4d6 Nc3e4
38.Rd2d1  { time }
1-0

[Event "Tourn. n7989"]
[Site "www.chess-mail.com"]
[Date "2015.02.02"]
[Round "1"]
[White "Difficult"]
[Black "Fred"]
[WhiteElo "1900"]
[BlackElo "1960"]
[Result "1/2-1/2"]
[Round "1"]
1.e4 e5
2.Ng1f3 Nb8c6
3.Bf1c4 Bf8c5
4.d3 h6
5.Nb1c3 d6
6.O-O Bc8g4
7.Bc1e3 Bc5b6
8.h3 Bg4e6
9.Nc3d5 Ng8f6
10.Nd5xb6 axb6
11.Bc4xe6 fxe6
12.a3 O-O
13.Qd1d2 Nc6e7
14.Rf1e1 c6
15.c4 Qd8c7
16.Qd2c2 d5
17.cxd5 exd5
18.exd5 Ne7xd5
19.Be3d2 Qc7f7
20.Ra1d1 Ra8e8
21.Bd2c3 Nd5xc3
22.Qc2xc3 e4
23.dxe4 Nf6xe4
24.Qc3c2 Ne4f6
25.Re1xe8 Rf8xe8
26.Rd1e1 Re8xe1
27.Nf3xe1 Qf7e6
28.Ne1f3 Nf6d5
29.Qc2d2 Qe6f5
30.Nf3d4 Qf5f6
31.Nd4f3 Nd5f4
32.Kh2 Kh7
33.b4 b5
34.Qd2e3 Qf6d6
35.g3 Nf4d5
36.Qe3e4 Qd6g6
37.Qe4d4 Qg6c2
38.Kg2 Qc2a4
39.Qd4e4 Kh8
40.Qe4d3 Qa4a8
41.h4 { draw }
1/2-1/2

[Event "Tourn. n8011"]
[Site "www.chess-mail.com"]
[Date "2015.02.02"]
[Round "1"]
[White "Hali"]
[Black "Anja"]
[WhiteElo "2160"]
[BlackElo "2030"]
[Result "1-0"]
[Round "1"]
1.e4 Ng8f6
2.e5 Nf6d5
3.d4 d6
4.c4 Nd5b6
5.f4 dxe5
6.fxe5 Nb8c6
7.Ng1f3 Bc8g4
8.Bf1e2 e6
9.Bc1e3 Bf8e7
10.O-O O-O
11.Nb1c3 f6
12.b3 Qd8e8
13.Qd1e1 { resign }
1-0

[Event "Tourn. n8023"]
[Site "www.chess-mail.com"]
[Date "2015.02.02"]
[Round "1"]
[White "Anja"]
[Black "Krasin"]
[WhiteElo "2010"]
[BlackElo "2230"]
[Result "0-1"]
[Round "1"]
1.d4 f5
2.g3 Ng8f6
3.Bf1g2 g6
4.c4 Bf8g7
5.Nb1c3 O-O
6.Ng1f3 d6
7.O-O Nb8c6
8.e3 e5
9.dxe5 dxe5
10.b3 e4
11.Nf3d4 Nc6e5
12.Bc1a3 c6
13.Ba3xf8 Qd8xf8
14.f3 exf3
15.Nd4xf3 Ne5g4
16.Qd1e2 Nf6e4
{ resign }
0-1

[Event "Tourn. n7978"]
[Site "www.chess-mail.com"]
[Date "2015.02.02"]
[Round "1"]
[White "Georgepapi"]
[Black "Generalfree"]
[WhiteElo "1820"]
[BlackElo "1900"]
[Result "1-0"]
[Round "1"]
1.e4 e5
2.Ng1f3 Nb8c6
3.Bf1b5 Ng8e7
4.O-O a6
5.Bb5a4 b5
6.Ba4b3 Ne7g6
7.Nb1c3 Bc8b7
8.d4 exd4
9.Nf3xd4 Bf8c5
10.Bc1e3 Nc6xd4
11.Be3xd4 Bc5xd4
12.Qd1xd4 O-O
13.a4 c6
14.axb5 axb5
15.Ra1xa8 Bb7xa8
16.Rf1d1 Ng6f4
17.g3 Nf4h3
18.Kg2 Nh3g5
19.Qd4xd7 Qd8xd7
20.Rd1xd7 b4
21.Nc3a2 Ng5xe4
22.Na2xb4 c5
23.Nb4d5 Ne4f6
24.Rd7d6 Nf6e4
25.Nd5e7 Kh8
26.Rd6b6 g6
27.Bb3d5 Ba8xd5
28.Ne7xd5 Rf8d8
29.c4 Ne4d2
30.b3 h6
31.Rb6b7 Kg7
32.Nd5f4 g5
33.Nf4e6 { resign }
1-0

[Event "Tourn. n8019"]
[Site "www.chess-mail.com"]
[Date "2015.02.02"]
[Round "1"]
[White "Fred"]
[Black "Anja"]
[WhiteElo "2010"]
[BlackElo "1990"]
[Result "1-0"]
[Round "1"]
1.e4 Ng8f6
2.e5 Nf6d5
3.d4 d6
4.f4 dxe5
5.dxe5 Bc8f5
6.Bf1c4 e6
7.Ng1f3 Nb8c6
8.O-O Bf8c5
9.Kh1 Nd5e3
10.Bc1xe3 Bc5xe3
11.Bc4d3 Bf5g4
12.h3 Bg4h5
13.g4 Bh5g6
14.f5 exf5
15.Qd1e2 f4
16.Bd3b5 { resign }
1-0

[Event "Tourn. n8023"]
[Site "www.chess-mail.com"]
[Date "2015.02.02"]
[Round "1"]
[White "Difficult"]
[Black "Anja"]
[WhiteElo "2020"]
[BlackElo "2010"]
[Result "1-0"]
[Round "1"]
1.c4 e5
2.Nb1c3 Nb8c6
3.g3 g6
4.Bf1g2 Bf8g7
5.Ng1f3 d6
6.d3 f5
7.Bc1g5 Ng8e7
8.O-O h6
9.Bg5xe7 Nc6xe7
10.Qd1c2 O-O
11.Ra1c1 Bc8e6
12.b4 Ne7c6
13.a3 { resign }
1-0